000
00175nam a22000857a 4500
082
_a
823
100
_a
KUMUD MULGAOKAR
245
_a
MORE TALES FROM THE ARABIAN NIGHTS
942
_c
BK
999
_c
8509
_d
8509